| 000 | 00574nam a2200229Ia 4500 | ||
|---|---|---|---|
| 008 | 210210b2006 xxu||||| |||| 00| 0 eng d | ||
| 082 | _a657.46 RAMB | ||
| 100 | _aRAMAN (B S) | ||
| 245 | _aBusiness taxation-I: assessment year 2006-2007 (for second year BCom). | ||
| 260 |
_aMangalore _bUnited publishers _c2006 |
||
| 300 | _a567 | ||
| 650 | _ayear | ||
| 650 | _ataxation-I: | ||
| 650 | _asecond | ||
| 650 | _aBusiness | ||
| 650 | _aBCom). | ||
| 650 | _aassessment | ||
| 650 | _a2006-2007 | ||
| 650 | _a(for | ||
| 690 | _aBusiness Taxation | ||
| 906 | _a061042 | ||
| 999 |
_c107719 _d107719 |
||